• 首页
  • 本馆介绍
  • 公告通知
  • 最新文献
  • 馆藏检索
  • 电子资源
  • 读者导购
  • 参考咨询
  • 我的图书馆
  • 登录
  • 详细信息显示
  • 放入我的书架
  • 预约/预借图书
  • 作者相关作品
  • 分类相关作品
  • 丛书相关作品
  • 出版社相关作品

书目信息

  • 表格格式
  • 工作单格式
  • 卡片格式
题名:
中国古代思想与学术十论
    
 
作者: 傅斯年 著
分册:  
出版信息: 桂林   广西师范大学出版社  2006
页数: 252页
开本: 23cm
丛书名: 傅斯年作品系列
单 册:
中图分类: B215 , B2
科图分类:
主题词: 思想史--研究--中国--古代 , 思想史 , 哲学--中国
电子资源:
ISBN: 7-5633-6170-7
000 00921oam2 2200289 450
001 1153010324
005 20110929144539.65
010    @a7-5633-6170-7@dCNY23.80
100    @a20060124d2006 em y0chiy50 ea
101 0  @achi
102    @aCN@b450000
105    @ay z 000yy
106    @ar
200 1  @a中国古代思想与学术十论@f傅斯年著@Azhong guo gu dai si xiang yu xue shu shi lun
210    @a桂林@c广西师范大学出版社@d2006
215    @a252页@d23cm
225 2  @a傅斯年作品系列
330    @a本书精选傅氏论中国古代思想与学术的经典论著十篇,涉及先秦民族、战国诸子、《尚书》、《庄子》、《史记》等研究。
461  0 @1001003344147
606 0  @a思想史@x研究@y中国@z古代
606 0  @a思想史
606 0  @a哲学@x中国
690    @aB215@v4
690    @aB2@v4
701  0 @a傅斯年@f(1896~1950)@4著@Afu si nian
801  0 @aCN@b大连网信软件有限公司图书馆·11@c20110929
905    @a10447@dB2@eJY128
    
    中国古代思想与学术十论/傅斯年著.-桂林:广西师范大学出版社,2006
    252页;23cm .-(傅斯年作品系列 )
    
    
    ISBN 7-5633-6170-7:CNY23.80
    本书精选傅氏论中国古代思想与学术的经典论著十篇,涉及先秦民族、战国诸子、《尚书》、《庄子》、《史记》等研究。
●
相关链接 在E读中查询图书 在五车中查询图书 在当当中查询图书 在豆瓣中查询图书


正题名:中国古代思想与学术十论     索取号:B2/JY128         预约/预借

序号 登录号 条形码 馆藏地/架位号 状态 备注
1 7824624   278246248   学院路分馆/ [索取号:B2/JY128] 在馆    
2 7824625   278246257   学院路分馆/ [索取号:B2/JY128] 在馆    
唐山师范学院图书馆 欢迎您!
大连网信软件有限公司© 版权所有